<?xml version="1.0" encoding="UTF-8"?>
<collection xmlns="http://www.loc.gov/MARC21/slim">
 <record>
  <leader>01293caa a2200313   4500</leader>
  <controlfield tag="001">1548325708</controlfield>
  <controlfield tag="003">DE-627</controlfield>
  <controlfield tag="005">20201127233435.0</controlfield>
  <controlfield tag="007">tu</controlfield>
  <controlfield tag="008">161018s2016    xx |||||      00| ||ger c</controlfield>
  <datafield tag="035" ind1=" " ind2=" ">
   <subfield code="a">(DE-627)1548325708</subfield>
  </datafield>
  <datafield tag="035" ind1=" " ind2=" ">
   <subfield code="a">(DE-576)478325703</subfield>
  </datafield>
  <datafield tag="035" ind1=" " ind2=" ">
   <subfield code="a">(DE-599)BSZ478325703</subfield>
  </datafield>
  <datafield tag="035" ind1=" " ind2=" ">
   <subfield code="a">(OCoLC)1224332044</subfield>
  </datafield>
  <datafield tag="040" ind1=" " ind2=" ">
   <subfield code="a">DE-627</subfield>
   <subfield code="b">ger</subfield>
   <subfield code="c">DE-627</subfield>
   <subfield code="e">rda</subfield>
  </datafield>
  <datafield tag="041" ind1=" " ind2=" ">
   <subfield code="a">ger</subfield>
  </datafield>
  <datafield tag="100" ind1="1" ind2=" ">
   <subfield code="a">Hirakawa, Kayo</subfield>
   <subfield code="d">1968-</subfield>
   <subfield code="e">VerfasserIn</subfield>
   <subfield code="0">(DE-588)137732805</subfield>
   <subfield code="0">(DE-627)595589537</subfield>
   <subfield code="0">(DE-576)305074717</subfield>
   <subfield code="4">aut</subfield>
  </datafield>
  <datafield tag="245" ind1="1" ind2="4">
   <subfield code="a">The Man of Sorrows in the Staatliche Kunsthalle Karlsruhe</subfield>
   <subfield code="c">Kayo Hirakawa</subfield>
  </datafield>
  <datafield tag="264" ind1=" " ind2="1">
   <subfield code="c">2016</subfield>
  </datafield>
  <datafield tag="300" ind1=" " ind2=" ">
   <subfield code="b">Illustrationen</subfield>
  </datafield>
  <datafield tag="336" ind1=" " ind2=" ">
   <subfield code="a">Text</subfield>
   <subfield code="b">txt</subfield>
   <subfield code="2">rdacontent</subfield>
  </datafield>
  <datafield tag="337" ind1=" " ind2=" ">
   <subfield code="a">ohne Hilfsmittel zu benutzen</subfield>
   <subfield code="b">n</subfield>
   <subfield code="2">rdamedia</subfield>
  </datafield>
  <datafield tag="338" ind1=" " ind2=" ">
   <subfield code="a">Band</subfield>
   <subfield code="b">nc</subfield>
   <subfield code="2">rdacarrier</subfield>
  </datafield>
  <datafield tag="710" ind1="2" ind2=" ">
   <subfield code="a">Staatliche Kunsthalle Karlsruhe</subfield>
   <subfield code="0">(DE-588)4204664-6</subfield>
   <subfield code="0">(DE-627)10514164X</subfield>
   <subfield code="0">(DE-576)210163623</subfield>
   <subfield code="4">oth</subfield>
  </datafield>
  <datafield tag="773" ind1="0" ind2="8">
   <subfield code="i">Enthalten in</subfield>
   <subfield code="a">Kyoto Art History Colloquium (1. : 2014 : Kyōto)</subfield>
   <subfield code="t">Sacred and profane in early modern art</subfield>
   <subfield code="d">Kyoto : Department of Aesthetics and Art History, Graduate School of Letters, Kyoto University, 2016</subfield>
   <subfield code="g">(2016), Seite 3-18</subfield>
   <subfield code="h">146 Seiten</subfield>
   <subfield code="w">(DE-627)1620772140</subfield>
   <subfield code="w">(DE-576)474998223</subfield>
   <subfield code="7">|||m</subfield>
  </datafield>
  <datafield tag="773" ind1="1" ind2="8">
   <subfield code="g">year:2016</subfield>
   <subfield code="g">pages:3-18</subfield>
  </datafield>
  <datafield tag="936" ind1="u" ind2="w">
   <subfield code="j">2016</subfield>
   <subfield code="h">3-18</subfield>
  </datafield>
  <datafield tag="951" ind1=" " ind2=" ">
   <subfield code="a">AR</subfield>
  </datafield>
  <datafield tag="999" ind1=" " ind2=" ">
   <subfield code="a">KXP-PPN1548325708</subfield>
   <subfield code="e">294164072X</subfield>
  </datafield>
 </record>
</collection>
